000 00309nam a22001337a 4500
008 171020b xxu||||| |||| 00| 0 eng d
020 _a9780256155167
041 _aeng
080 _a338
100 _a54
101 _aMEN
245 _aBUILDING THE INFORMATION AGE ORGANIZATION
_cCAS.E
942 _2udc
_cBK
999 _c35140
_d35140